01293nam a2200313 a 4500001001200000003000800012006001900020007001500039008004100054010001700095020002800112040002100140035002000161043001200181050002700193082002900220100001900249245013300268250002500401260006200426300003000488504005100518533015200569650005600721651003000777655002900807710001700836856012600853ebr10263650CaPaEBRm u cr cn|||||||||040622s2004 nyuab sb 001 0 eng  z 2004054794 z019517450X (alk. paper) aCaPaEBRcCaPaEBR a(OCoLC)79474215 an-us-ny14aHD8085.N53bW54 2004eb04a305.5/62/097471090342221 aWilentz, Sean.10aChants democratich[electronic resource] :bNew York City and the rise of the American working class, 1788-1850 /cSean Wilentz. a20th anniversary ed. aLondon, UK ;aNew York :bOxford University Press,c2004. axx, 446 p. :bill., maps. aIncludes bibliographical references and index. aElectronic reproduction.bPalo Alto, Calif. :cebrary,d2013.nAvailable via World Wide Web.nAccess may be limited to ebrary affiliated libraries. 0aWorking classzNew York (State)zNew YorkxHistory. 0aNew York (N.Y.)xHistory. 7aElectronic books.2local2 aebrary, Inc.40uhttp://site.ebrary.com/lib/rucke/Doc?id=10263650zAn electronic book accessible through the World Wide Web; click to view